15 Temmuz destanında Kahramankazan (Record no. 6017)

MARC details
000 -BAŞLIK
Sabit Uzunlukta Kontrol Alanı 00496na a2200181 4500
001 - KONTROL NUMARASI
Denetim Alanı 23260
003 - KONTROL NUMARASI IDENTIFIER
Denetim Alanı MIRAKIL
005 - SON İŞLEM TARİHİ VE ZAMANI
Denetim Alanı 20181213155053.0
008 - SABİT-BOY VERİ ELEMANLARI - GENEL BİLGİLER
Sabit Uzunlukta Kontrol Alanı 170821b tu 000 0
040 ## - KATALOGLAMA KAYNAK
Orijinal Kataloglama Ajansı Milas
Kataloglama Dili tur
Metne Dönüştürmek Ajansı TR-AnCHP
041 ## - DİL KODU
Metin / Ses Parça Veya Ayrı Başlığın Dil Kodu tur
245 ## - BAŞLIK TABLOSU
Başlık 15 Temmuz destanında Kahramankazan
Sorumluluk Tablosu, Vb Kahramankazan Belediye Başkanlığı
260 ## - YAYIN, DAĞITIM, VB
Yayın, Dağıtım, Vb Yeri Ankara
Yayıncı, Dağıtıcı, Vs Adı [yayl.y.]
Yayın, Dağıtım, Vb Tarihi 2016
Üretici Firma MRK
300 ## - FİZİKSEL TANIM
Kapsam 143 s.
Diğer Fiziksel Ayrıntıları fotğ.
Boyutlar 30 sm.
500 ## - GENEL NOT
Genel Not GEÇİCİ KATALOG KAYDIDIR.
942 ## - EKLENDİ GİRİŞ ELEMANLARI (KOHA)
Sınıflandırma Veya Raf Düzeni Kaynak Dewey Decimal Classification
Koha Öğesi Türü Books
999 ## - SİSTEM KONTROL NUMARALARI (KOHA)
Koha Biblionumber 6017
Koha Biblioitemnumber 6017
Holdings
Kalıcı Konum Mevcut Konum Edinme Tarihi Edinim Kaynak Toplam Check-Out'Lar Barkod Tarih Son Görülme İtibaren Geçerli Fiyatlar Koha Öğesi Türü
CHP Kütüphanesi CHP Kütüphanesi 08/21/2017 Bağış   017245 08/21/2017 08/21/2017 Books